[Event "World ol U16"]
[Site "Eindhoven"]
[Date "2023.08.17"]
[Round "7.27"]
[White "Chunsukon, Viritpol"]
[Black "Coetsee, Dewald"]
[Result "1/2-1/2"]
[WhiteElo "1499"]
[BlackElo "1399"]
[PlyCount "127"]
[EventDate "2023.08.13"]
[EventType "team-swiss"]
[EventRounds "9"]
[EventCountry "NED"]
[SourceTitle "CBM 215 Extra"]
[Source "ChessBase"]
[SourceDate "2023.09.30"]
[SourceVersion "1"]
[SourceVersionDate "2023.09.30"]
[SourceQuality "1"]
[WhiteTeam "Thailand II"]
[BlackTeam "South Africa II"]
[WhiteTeamCountry "THA"]
[BlackTeamCountry "RSA"]

1. e4 c5 2. Ne2 d6 3. Nbc3 Nf6 4. g3 Nc6 5. Bg2 e6 6. d3 Be7 7. h3 a6 8. Be3 Qc7 9. Qd2 b5 10. 0-0 Bb7 11. f4 0-0 12. g4 Nd7 13. f5 b4 14. Nd1 exf5 15. exf5 Nce5 16. Nf4 Nb6 17. b3 Bf6 18. Rb1 Rfe8 19. Nh5 Ned7 20. g5 Be5 21. f6 g6 22. Ng7 Red8 23. Qf2 Nf8 24. Qh4 h5 25. gxh6 Nh7 26. Bg5 Bxg2 27. Kxg2 Qb7+ 28. Kg1 Nxg5 29. Qxg5 Bd4+ 30. Nf2 Kh7 31. Rbe1 Nd5 32. Re7 Nxe7 33. fxe7 Re8 34. Nxe8 Rxe8 35. Re1 Qf3 36. Qg2 Qf6 37. Kf1 Kxh6 38. Re4 Kg7 39. Qg3 Be5 40. Qg4 Rxe7 41. Kg2 Bd4 42. Rf4 Qe5 43. Re4 Qd5 44. Qf3 Rxe4 45. Nxe4 f5 46. Ng5 Qxf3+ 47. Kxf3 Kf6 48. h4 Bb2 49. Nh3 Bc1 50. Nf2 g5 51. hxg5+ Bxg5 52. Nd1 Ke5 53. Nb2 d5 54. Na4 Kd4 55. Nb6 Bd8 56. Nd7 c4 57. dxc4 dxc4 58. Nb8 cxb3 59. cxb3 Kc3 60. Nxa6 Bg5 61. Nc5 Bd2 62. Na6 Kd3 63. Nxb4+ Bxb4 64. Kf4 1/2-1/2

[Event "World ol U16"]
[Site "Eindhoven"]
[Date "2023.08.17"]
[Round "8.23"]
[White "Chunsukon, Viritpol"]
[Black "Hernandez Mendez, Iker"]
[Result "1-0"]
[WhiteElo "1499"]
[BlackElo "1848"]
[PlyCount "143"]
[EventDate "2023.08.13"]
[EventType "team-swiss"]
[EventRounds "9"]
[EventCountry "NED"]
[SourceTitle "CBM 215 Extra"]
[Source "ChessBase"]
[SourceDate "2023.09.30"]
[SourceVersion "1"]
[SourceVersionDate "2023.09.30"]
[SourceQuality "1"]
[WhiteTeam "Thailand II"]
[BlackTeam "Australia II"]
[WhiteTeamCountry "THA"]
[BlackTeamCountry "AUS"]

1. e4 c5 2. Ne2 Nc6 3. Nbc3 g6 4. g3 Bg7 5. Bg2 Rb8 6. d3 b5 7. Be3 b4 8. Na4 d6 9. 0-0 Bd7 10. b3 Nd4 11. Bxd4 cxd4 12. Nb2 Nf6 13. Nc4 Bg4 14. h3 Bxe2 15. Qxe2 0-0 16. Rfe1 Re8 17. e5 dxe5 18. Nxe5 Rb6 19. f4 Nd5 20. Bxd5 Qxd5 21. Nc4 Ra6 22. Qe4 Qh5 23. Kg2 g5 24. g4 Qh4 25. f5 h5 26. Nd2 hxg4 27. hxg4 Qh6 28. Nc4 Qc6 29. Qxc6 Rxc6 30. a3 bxa3 31. Rxa3 Rc7 32. Ra6 Rd8 33. Rea1 Rdd7 34. Kf3 Rb7 35. Ke4 e6 36. fxe6 Re7 37. R1a5 Rxe6+ 38. Rxe6 fxe6 39. Rxg5 Kf8 40. Rc5 Ke7 41. Ne5 Bxe5 42. Kxe5 Rd7 43. Ra5 Kf7 44. g5 Rc7 45. Kxd4 Rxc2 46. Rxa7+ Kg6 47. Ra5 Rc6 48. Re5 Rd6+ 49. Kc4 Rc6+ 50. Kb5 Rd6 51. b4 Rxd3 52. Rxe6+ Kxg5 53. Re5+ Kf6 54. Rc5 Ke7 55. Kb6 Kd6 56. Rc6+ Kd7 57. b5 Rb3 58. Rc4 Rb1 59. Ka6 Ra1+ 60. Kb7 Kd6 61. b6 Kd5 62. Rc2 Kd6 63. Kb8 Rb1 64. b7 Kd7 65. Rd2+ Ke7 66. Rd4 Rc1 67. Ka7 Ra1+ 68. Kb6 Rb1+ 69. Kc6 Rb2 70. Rd5 Rb1 71. Rb5 Rc1+ 72. Kb6 1-0

[Event "World ol U16"]
[Site "Eindhoven"]
[Date "2023.08.15"]
[Round "5.26"]
[White "Hashimoto, Shunji"]
[Black "Chunsukon, Viritpol"]
[Result "0-1"]
[WhiteElo "1789"]
[BlackElo "1499"]
[PlyCount "72"]
[EventDate "2023.08.13"]
[EventType "team-swiss"]
[EventRounds "9"]
[EventCountry "NED"]
[SourceTitle "CBM 215 Extra"]
[Source "ChessBase"]
[SourceDate "2023.09.30"]
[SourceVersion "1"]
[SourceVersionDate "2023.09.30"]
[SourceQuality "1"]
[WhiteTeam "Japan"]
[BlackTeam "Thailand II"]
[WhiteTeamCountry "JPN"]
[BlackTeamCountry "THA"]

1. d4 Nf6 2. Nf3 d5 3. Bf4 e6 4. e3 Bd6 5. Bg3 c5 6. c3 Qc7 7. Nbd2 Nbd7 8. Bd3 0-0 9. 0-0 Bxg3 10. hxg3 b6 11. Qe2 Bb7 12. Rac1 e5 13. dxe5 Nxe5 14. Ba6 Bxa6 15. Qxa6 Neg4 16. c4 Rfe8 17. cxd5 Nxd5 18. Qc4 Ndxe3 19. fxe3 Nxe3 20. Qh4 Nxf1 21. Rxf1 h6 22. Nc4 b5 23. Ncd2 c4 24. Qg4 Qe7 25. Qh5 a6 26. g4 Rad8 27. g5 Qe3+ 28. Kh1 Rd5 29. Re1 Qxe1+ 30. Nxe1 Rxe1+ 31. Kh2 Rxd2 32. Qg4 Re6 33. a4 Rxb2 34. axb5 axb5 35. Kg1 hxg5 36. Qxg5 Re8 0-1

[Event "Phuket Blue Chevaliers op"]
[Site "Phuket"]
[Date "2022.07.11"]
[Round "1"]
[White "Kulpruethanon, Thanadon"]
[Black "Chunsukon, Viritpol"]
[Result "1-0"]
[WhiteElo "2294"]
[BlackElo "1582"]
[PlyCount "73"]
[EventDate "2022.07.11"]
[EventType "swiss"]
[EventRounds "9"]
[EventCountry "THA"]
[SourceTitle "CBM 209 Extra"]
[Source "ChessBase"]
[SourceDate "2022.09.30"]
[SourceVersion "1"]
[SourceVersionDate "2022.09.30"]
[SourceQuality "1"]

1. Nf3 Nf6 2. g3 g6 3. b3 d5 4. Bb2 Bg7 5. Bg2 0-0 6. 0-0 c5 7. c4 e6 8. cxd5 exd5 9. d4 Ne4 10. Nc3 f5 11. Rc1 cxd4 12. Nxd4 Nc6 13. Na4 Nxd4 14. Bxd4 Bxd4 15. Qxd4 Be6 16. Nc5 Nxc5 17. Rxc5 Qf6 18. Qxf6 Rxf6 19. Rfc1 Re8 20. e3 Rf7 21. Bxd5 Bxd5 22. Rxd5 Ree7 23. Kg2 Kg7 24. Rc4 Kf6 25. h3 Re5 26. Rxe5 Kxe5 27. f4+ Kd5 28. g4 b5 29. Rd4+ Kc6 30. Kf3 a5 31. gxf5 gxf5 32. e4 fxe4+ 33. Rxe4 Rg7 34. Re6+ Kc5 35. Re5+ Kc6 36. a4 bxa4 37. bxa4 1-0